| Tag |
First Indicator |
Second Indicator |
Subfields |
| LEADER |
00000cam a2200000 a 4500 |
| 001 |
in00001194621 |
| 005 |
20151002061321.0 |
| 008 |
930907s1994 nbua j b 000 0 eng |
| 010 |
|
|
|a 93036892
|
| 020 |
|
|
|a 080321037X
|
| 035 |
|
|
|a (OCoLC)29185353
|
| 035 |
|
|
|9 AGJ3237AM
|
| 040 |
|
|
|a DLC
|c DLC
|d TXA
|d UtOrBLW
|
| 043 |
|
|
|a n-us---
|
| 049 |
|
|
|a TXAM
|
| 050 |
0 |
0 |
|a N6538.A4
|b I2 1994
|
| 082 |
0 |
0 |
|a 704/.0397073/0904
|2 20
|
| 245 |
0 |
0 |
|a I stand in the center of the good :
|b interviews with contemporary Native American artists /
|c edited by Lawrence Abbott.
|
| 264 |
|
1 |
|a Lincoln :
|b University of Nebraska Press,
|c [1994]
|
| 264 |
|
4 |
|c ©1994
|
| 300 |
|
|
|a xxii, 310 pages :
|b illustrations (some color) ;
|c 25 cm.
|
| 336 |
|
|
|a text
|b txt
|2 rdacontent
|
| 337 |
|
|
|a unmediated
|b n
|2 rdamedia
|
| 338 |
|
|
|a volume
|b nc
|2 rdacarrier
|
| 490 |
1 |
|
|a American Indian lives
|
| 504 |
|
|
|a Includes bibliographical references (pages [303]-310).
|
| 650 |
|
0 |
|a Indian artists
|z United States
|x Interviews
|v Juvenile literature.
|
| 650 |
|
0 |
|a Indian art
|x Juvenile literature.
|
| 650 |
|
0 |
|a Art, American
|y 20th century
|v Juvenile literature.
|
| 650 |
|
1 |
|a Indians of North America
|x Interviews.
|
| 650 |
|
1 |
|a Artists
|x Interviews.
|
| 700 |
1 |
|
|a Abbott, Lawrence,
|d 1949-
|
| 830 |
|
0 |
|a American Indian lives.
|
| 999 |
|
|
|a MARS
|
| 999 |
f |
f |
|s a037a322-d010-3735-87f8-5f6d89b0e3da
|i a4afbb17-c429-3321-9f15-39740fe8eae8
|t 0
|
| 952 |
f |
f |
|p normal
|a Texas A&M University
|b College Station
|c Sterling C. Evans Library
|d Evans: Library Stacks
|t 0
|e N6538.A4 I2 1994
|h Library of Congress classification
|i unmediated -- volume
|m A14818681710
|
| 998 |
f |
f |
|a N6538.A4 I2 1994
|t 0
|l Evans: Library Stacks
|